Derecho penal (Record no. 137570)

MARC details
000 -LEADER
fixed length control field 00694cam a2200181 4500
005 - DATE AND TIME OF LATEST TRANSACTION
control field 20260521123405.0
008 - FIXED-LENGTH DATA ELEMENTS--GENERAL INFORMATION
fixed length control field 260521b gw |||||||| |||| 00| 0 spa d
050 04 - LIBRARY OF CONGRESS CALL NUMBER
Classification number KK7987
Item number B38 1973
100 1# - MAIN ENTRY--PERSONAL NAME
Personal name Baumann, Jürgen
240 ## - UNIFORM TITLE
Uniform title Grundbegriffe und System des Strafrechts.
Language of a work Español
245 #0 - TITLE STATEMENT
Title Derecho penal
Remainder of title : conceptos fundamentales y sistema : introducción a la sistemática sobre la base de casos
-- / Jürgen Baumann ; traducción por Conrado A. Finzi
250 ## - EDITION STATEMENT
Edition statement 1a ed.
260 ## - PUBLICATION, DISTRIBUTION, ETC. (IMPRINT)
Place of publication, distribution, etc Buenos Aires :
Name of publisher, distributor, etc Ediciones Depalma,
Date of publication, distribution, etc 1973
300 ## - PHYSICAL DESCRIPTION
Extent xviii; 276 p. ;
Dimensions 20 cm.
650 #7 - SUBJECT ADDED ENTRY--TOPICAL TERM
Source of heading or term lemb
Topical term or geographic name as entry element Derecho penal
Geographic subdivision Alemania
700 1# - ADDED ENTRY--PERSONAL NAME
Personal name Finzi, Conrado A.,
Relator term tradutor
942 ## - ADDED ENTRY ELEMENTS (KOHA)
Source of classification or shelving scheme Biblioteca del Cogreso de los Estados Unidos
Koha item type Libro
Holdings
Estado de pérdida Fuente de clasificación Estado del daño No para préstamo Ubicación permanente Ubicación actual Apartado o colección Fecha de adquisición Edición Área del conocimiento Total Checkouts Clasificación Código de Barras Date last seen Número de copia Costo por reposición Tipo de recurso
  Biblioteca del Cogreso de los Estados Unidos     Biblioteca de la Facultad de Derecho y Ciencias Sociales "Felipe J. Tena" Biblioteca de la Facultad de Derecho y Ciencias Sociales "Felipe J. Tena" General 07/10/2021 1a ed. Ciencias Sociales y Administrativas   KK7987 B38 r1981 BFD000012724 07/10/2021 1 1.00 Libro